Statistics for Children TV Shows

Click here to take the quiz!

General Stats

  • This quiz has been taken 191 times
  • The average score is 10 of 15

Answer Stats

HintAnswer% Correct
SpongebobSquarepants
97%
PeppaPig
91%
SesameStreet
91%
TeleTubbies
78%
Thomas TheTank Engine
76%
In The NightGarden
67%
PostmanPat
67%
FiremanSam
67%
Bananas InPyjamas
60%
Ben10
56%
OctoNauts
56%
MisterMaker
46%
ChuggingTon
42%
The WigGles
36%
PlaySchool
35%

Score Distribution

Percentile by Number Answered

Percent of People with Each Score

Your Score History

You have not taken this quiz